000 00467nam a2200181Ia 4500
001 1370
005 20260306143723.0
008 260306t1992||||xx |||||||||||||| ||spa||
041 _aESP
082 _a196.1
_bO73M
100 _aOrtega y Gasset, José
_eAUT
245 0 _aMeditación de la técnica y otros ensayos sobre ciencia y filosofía
260 _c1992
300 _a170 páginas :
_c18 cm.
650 _aGEN
654 _aCHU
942 _cLIB
_dJUS
_fJUS
_2ddc
_n
999 _c1370
_d1370